| 000 | 00997nam a2200289Ia 4500 | ||
|---|---|---|---|
| 001 | Z_777 | ||
| 003 | CHAP | ||
| 008 | 220113s1984 xx 000 0 und d | ||
| 010 | _a163871 | ||
| 040 | _cCHAP | ||
| 090 | _aTesis S 278 | ||
| 100 |
_aSegura Cardoso, Constantino _9103642 |
||
| 245 |
_aEvaluación del estado reproductivo de seis establos lecheros de la Comarca Lagunera / _cpor Constantino Segura Cardoso, José Eduardo Vega Aguirre y Gregorio Zárate Enciso |
||
| 260 |
_aChapingo. Méx. : _bEl autor, _c1984 |
||
| 300 | _a101 h. | ||
| 502 | _aTesis (Ing. Agrónomo Esp. en Zootecnia) -- UACH. Departamento de Zootecnia | ||
| 650 |
_aComarca Lagunera _xGanado lechero _925532 |
||
| 650 |
_aGanado lechero _xComarca Lagunera _945247 |
||
| 650 |
_aGanado lechero _xReproducción _945294 |
||
| 700 |
_aI. Vega Aguirre, José Eduardo II. Zárate Enciso, Gregorio _9137915 |
||
| 901 | _aTESIS S 278 | ||
| 902 | _aM | ||
| 910 | _a1984 | ||
| 942 | _c2 | ||
| 942 | _c2 | ||
| 999 |
_c163871 _d163871 |
||